Los álamos oscuros / (Record no. 143394)

MARC details
000 -LEADER
campo de control de longitud fija 00601nam a2200193 4500
001 - NÚMERO DE CONTROL
campo de control 143394
003 - IDENTIFICADOR DE NÚMERO DE CONTROL
campo de control ES-MaACL
007 - CAMPO FIJO DE DESCRIPCIÓN FÍSICA--INFORMACIÓN GENERAL
campo de control de longitud fija t|
008 - DATOS DE LONGITUD FIJA--INFORMACIÓN GENERAL
campo de control de longitud fija 070214s1982 sp r ||||1| spa d
100 1# - ENTRADA PRINCIPAL--NOMBRE DE PERSONA
Nombre de persona Serrano-Plaja, Arturo.
9 (RLIN) 105788
245 14 - MENCIÓN DEL TÍTULO
Título Los álamos oscuros /
Mención de responsabilidad, etc. Arturo Serrano-Plaja.
250 ## - MENCION DE EDICION
Mención de edición 1ª ed.
260 ## - PUBLICACIÓN, DISTRIBUCIÓN, ETC.
Lugar de publicación, distribución, etc. Esplugues de Llobregat [Barcelona] :
Nombre del editor, distribuidor, etc. Plaza & Janés,
Fecha de publicación, distribución, etc. 1982 (
Fabricante Guada)
300 ## - DESCRIPCIÓN FÍSICA
Extensión 298 p. ;
Dimensiones 19 cm.
490 1# - MENCIÓN DE SERIE
Mención de serie Selecciones de poesía española
830 0# - PUNTO DE ACCESO ADICIONAL DE SERIE-TÍTULO UNIFORME
Título uniforme Selecciones de Poesía Española
9 (RLIN) 181179
852 ## - LOCALIZACIÓN
Ubicación ES-MaACL
Número de control de estantería L-3752
Sublocalización o colección R.104308
Holdings
Estatus retirado Estado de pérdida Estado de daño No para préstamo Biblioteca de origen Biblioteca actual Ubicación en estantería Fecha de adquisición Fuente de adquisición Total de préstamos Signatura topográfica completa Código de barras Visto por última vez Precio de reemplazo Tipo de ítem Koha
        Biblioteca del Ateneo de Madrid Biblioteca del Ateneo de Madrid Depósito 2 17/01/2008     L-3752 1149189 23/02/2023 23/02/2023 Libro impreso